Fracture mechanics of concrete : (Record no. 864)
[ view plain ]
| 000 -LEADER | |
|---|---|
| fixed length control field | 00512 a2200133 4500 |
| 020 ## - INTERNATIONAL STANDARD BOOK NUMBER | |
| International Standard Book Number | 0471303119 (alk. paper) |
| 082 ## - DEWEY DECIMAL CLASSIFICATION NUMBER | |
| Classification number | 620.1366 SHA |
| 100 ## - MAIN ENTRY--PERSONAL NAME | |
| Personal name | Shah, S. P. |
| 245 ## - TITLE STATEMENT | |
| Title | Fracture mechanics of concrete : |
| Remainder of title | applications of fracture mechanics to concrete, rock and other quasi-brittle materials / |
| Statement of responsibility, etc. | Surendra P. Shah, Stuart E. Swartz, Chengsheng Ouyang. |
| 260 ## - PUBLICATION, DISTRIBUTION, ETC. | |
| Place of publication, distribution, etc. | New York : |
| Name of publisher, distributor, etc. | Wiley, |
| Date of publication, distribution, etc. | 1995. |
| 300 ## - PHYSICAL DESCRIPTION | |
| Extent | xxxi, 552 p. : |
| Other physical details | ill. ; |
| Dimensions | 24 cm. |
| 650 ## - SUBJECT ADDED ENTRY--TOPICAL TERM | |
| Topical term or geographic name entry element | Concrete |
| General subdivision | Fracture. |
| 650 ## - SUBJECT ADDED ENTRY--TOPICAL TERM | |
| Topical term or geographic name entry element | Rocks |
| General subdivision | Fracture. |
| 650 ## - SUBJECT ADDED ENTRY--TOPICAL TERM | |
| Topical term or geographic name entry element | Fracture mechanics. |
| Withdrawn status | Lost status | Damaged status | Not for loan | Permanent Location | Current Location | Shelving location | Date acquired | Total Checkouts | Full call number | Barcode | Date last seen | Price effective from | Koha item type |
|---|---|---|---|---|---|---|---|---|---|---|---|---|---|
| School of Civil and Environmental Engineering (SCEE) | School of Civil and Environmental Engineering (SCEE) | 620.1366 SHA | NIT-737 | 01/05/2017 | 01/05/2017 | Book |
